[Event "Quebec-ch sf"]
[Site "Montreal CAN"]
[Date "2004.06.19"]
[Round "3"]
[White "Poirier, Erik"]
[Black "Tessier, Olivier"]
[Result "0-1"]
[WhiteElo "2029"]
[BlackElo "2173"]
[PlyCount "70"]
[GameId "2160767911145559"]
[EventDate "2004.06.??"]
[EventType "swiss"]
[EventRounds "5"]
[EventCountry "CAN"]
[SourceTitle "EXT 2006"]
[Source "ChessBase"]
[SourceDate "2005.11.24"]
[SourceVersion "1"]
[SourceVersionDate "2005.11.24"]
[SourceQuality "1"]

1. d4 Nf6 2. c4 c5 3. d5 b5 4. cxb5 a6 5. b6 e6 6. Nc3 Bb7 7. e4 exd5 8. exd5 d6 9. a4 Qxb6 10. Nf3 Nbd7 11. Be2 g6 12. O-O Bg7 13. a5 Qc7 14. h3 O-O 15. Bf4 Rfe8 16. Qd3 Rad8 17. Rfe1 Ne5 18. Qd2 Re7 19. Bg5 Rde8 20. Nxe5 Rxe5 21. f4 Rxd5 22. Nxd5 Nxd5 23. Bf3 Bd4+ 24. Kh1 Rb8 25. Ra4 Bc6 26. Rxd4 cxd4 27. Bxd5 Bxd5 28. Qxd4 Qxa5 29. Rd1 Ba8 30. Bh6 f6 31. Qxf6 Qc7 32. Qe6+ Qf7 33. Qxd6 Re8 34. Qxa6 Qb3 35. Rd2 Qxh3+ 0-1

[Event "Quebec-ch sf"]
[Site "Montreal CAN"]
[Date "2004.06.19"]
[Round "3"]
[White "Rousseau, Daniel"]
[Black "Brousseau, Yvan"]
[Result "1/2-1/2"]
[WhiteElo "2208"]
[BlackElo "2070"]
[PlyCount "38"]
[GameId "2160767911145560"]
[EventDate "2004.06.??"]
[EventType "swiss"]
[EventRounds "5"]
[EventCountry "CAN"]
[SourceTitle "EXT 2006"]
[Source "ChessBase"]
[SourceDate "2005.11.24"]
[SourceVersion "1"]
[SourceVersionDate "2005.11.24"]
[SourceQuality "1"]

1. e4 g6 2. d4 Bg7 3. Nc3 d6 4. Be3 Nf6 5. f3 Nc6 6. Nge2 e5 7. d5 Ne7 8. Qd2 O-O 9. O-O-O Ne8 10. g4 f5 11. gxf5 gxf5 12. h4 f4 13. Bf2 Kh8 14. Ng1 Nf6 15. h5 h6 16. Bh4 Qe8 17. Qh2 a6 18. Bh3 Qf7 19. Nge2 Nh7 1/2-1/2

[Event "Quebec-ch sf"]
[Site "Montreal CAN"]
[Date "2004.06.19"]
[Round "3"]
[White "Trahan, Daniel"]
[Black "Larochelle, Martial"]
[Result "0-1"]
[WhiteElo "1994"]
[BlackElo "2174"]
[PlyCount "48"]
[GameId "2160767911145561"]
[EventDate "2004.06.??"]
[EventType "swiss"]
[EventRounds "5"]
[EventCountry "CAN"]
[SourceTitle "EXT 2006"]
[Source "ChessBase"]
[SourceDate "2005.11.24"]
[SourceVersion "1"]
[SourceVersionDate "2005.11.24"]
[SourceQuality "1"]

1. d4 Nf6 2. c4 g6 3. Nc3 d5 4. cxd5 Nxd5 5. e4 Nxc3 6. bxc3 Bg7 7. Nf3 c5 8. Rb1 O-O 9. Be2 b6 10. Qd2 e6 11. O-O Bb7 12. Qe3 Nd7 13. Rd1 Qc7 14. Ba3 Rac8 15. Bd3 Rfd8 16. Qe2 Nf6 17. g3 Qc6 18. Ne5 Qa4 19. Bb5 Qxa3 20. Rb3 Qxb3 21. axb3 Nxe4 22. Qf3 Bxe5 23. dxe5 Nd6 24. Bc6 Bxc6 0-1

[Event "Quebec-ch sf"]
[Site "Montreal CAN"]
[Date "2004.06.19"]
[Round "3"]
[White "Tremblay, Rejean"]
[Black "Masse, Hugues"]
[Result "1-0"]
[WhiteElo "2168"]
[BlackElo "2249"]
[PlyCount "121"]
[GameId "2160767911145562"]
[EventDate "2004.06.??"]
[EventType "swiss"]
[EventRounds "5"]
[EventCountry "CAN"]
[SourceTitle "EXT 2006"]
[Source "ChessBase"]
[SourceDate "2005.11.24"]
[SourceVersion "1"]
[SourceVersionDate "2005.11.24"]
[SourceQuality "1"]

1. d4 Nf6 2. c4 g6 3. Nf3 Bg7 4. Nc3 d5 5. Bf4 O-O 6. Qb3 dxc4 7. Qxc4 c6 8. e4 b5 9. Qb3 Be6 10. Qc2 Qa5 11. Bd3 Na6 12. Qd2 Rfd8 13. O-O Qb6 14. Rfd1 Bg4 15. Be3 Qb7 16. e5 Nd5 17. Nxd5 cxd5 18. Qa5 Nc7 19. Rdc1 Rdc8 20. Nd2 Bd7 21. Rc2 Qb6 22. Qxb6 axb6 23. Rac1 Ne6 24. Rxc8+ Bxc8 25. Bxb5 Bb7 26. a3 Kf8 27. Bd7 Rd8 28. Bxe6 fxe6 29. Rc7 Ba6 30. Bg5 Re8 31. Nb1 h6 32. Bd2 Rc8 33. Rxc8+ Bxc8 34. Nc3 Bd7 35. a4 Ke8 36. b4 Bc8 37. b5 Kf7 38. g4 h5 39. g5 Ke8 40. Kf1 Kd8 41. Ke2 Bd7 42. Kd1 Kc7 43. Kc2 Kb7 44. Kb3 Bc8 45. Ne2 Bd7 46. Nf4 Be8 47. Bb4 Bf7 48. Bxe7 Kc7 49. Bd6+ Kb7 50. h4 Kc8 51. Kb4 Kb7 52. Ne2 Be8 53. Nc3 Bd7 54. a5 Be8 55. axb6 Bd7 56. Na4 Bc8 57. Ka5 Ka8 58. Nc5 Bh8 59. b7+ Bxb7 60. Kb6 Bc8 61. Kc7 1-0

[Event "Quebec-ch sf"]
[Site "Montreal CAN"]
[Date "2004.06.20"]
[Round "4"]
[White "Audet-Bouchard, Nicolas"]
[Black "Rousseau, Daniel"]
[Result "1/2-1/2"]
[WhiteElo "2084"]
[BlackElo "2208"]
[PlyCount "48"]
[GameId "2160767911145563"]
[EventDate "2004.06.??"]
[EventType "swiss"]
[EventRounds "5"]
[EventCountry "CAN"]
[SourceTitle "EXT 2006"]
[Source "ChessBase"]
[SourceDate "2005.11.24"]
[SourceVersion "1"]
[SourceVersionDate "2005.11.24"]
[SourceQuality "1"]

1. e4 e5 2. Nf3 Nc6 3. Nc3 Nf6 4. Bb5 Nd4 5. Bc4 d6 6. Ng5 Ne6 7. d3 Be7 8. O-O O-O 9. Nxe6 Bxe6 10. Bxe6 fxe6 11. f4 exf4 12. Bxf4 e5 13. Be3 c6 14. Qe2 Qe8 15. Rf2 Qg6 16. Raf1 b6 17. Rf3 Ng4 18. Rxf8+ Rxf8 19. Rxf8+ Bxf8 20. Nd1 d5 21. exd5 cxd5 22. h3 Nxe3 23. Nxe3 Bc5 24. Kh1 Bxe3 1/2-1/2

[Event "Quebec-ch sf"]
[Site "Montreal CAN"]
[Date "2004.06.20"]
[Round "4"]
[White "Brousseau, Yvan"]
[Black "Benoit-Deschamps, Jean-Marc"]
[Result "1-0"]
[WhiteElo "2070"]
[BlackElo "1859"]
[PlyCount "55"]
[GameId "2160767911145565"]
[EventDate "2004.06.??"]
[EventType "swiss"]
[EventRounds "5"]
[EventCountry "CAN"]
[SourceTitle "EXT 2006"]
[Source "ChessBase"]
[SourceDate "2005.11.24"]
[SourceVersion "1"]
[SourceVersionDate "2005.11.24"]
[SourceQuality "1"]

1. b3 c5 2. Bb2 d6 3. e3 e6 4. Nf3 Nf6 5. d4 cxd4 6. Nxd4 Be7 7. Nd2 O-O 8. Bd3 b6 9. Qf3 d5 10. e4 Nfd7 11. exd5 Ne5 12. Bxh7+ Kxh7 13. Qh5+ Kg8 14. Qxe5 Bf6 15. Qe3 e5 16. Ne2 Qxd5 17. O-O-O Bf5 18. Ng3 Bg6 19. Nde4 Qc6 20. Rd6 Qc7 21. Rhd1 Re8 22. Qe2 Be7 23. R6d5 f5 24. Nd6 Bg5+ 25. Kb1 Rf8 26. Bxe5 Qc6 27. Bb2 Kh7 28. Ngxf5 1-0

[Event "Quebec-ch sf"]
[Site "Montreal CAN"]
[Date "2004.06.20"]
[Round "4"]
[White "Larochelle, Martial"]
[Black "Laptos, Krzysztof"]
[Result "1-0"]
[WhiteElo "2174"]
[BlackElo "2276"]
[PlyCount "125"]
[GameId "2160767911145566"]
[EventDate "2004.06.??"]
[EventType "swiss"]
[EventRounds "5"]
[EventCountry "CAN"]
[SourceTitle "EXT 2006"]
[Source "ChessBase"]
[SourceDate "2005.11.24"]
[SourceVersion "1"]
[SourceVersionDate "2005.11.24"]
[SourceQuality "1"]

1. g3 d5 2. Nf3 Nf6 3. Bg2 e6 4. O-O Be7 5. d3 c5 6. Nbd2 Nc6 7. e4 O-O 8. Re1 b5 9. e5 Nd7 10. Nf1 a5 11. h4 b4 12. Bf4 a4 13. a3 bxa3 14. bxa3 Ba6 15. Ne3 Nd4 16. c4 dxc4 17. Nxd4 cxd4 18. Nxc4 Rc8 19. Qxa4 Nc5 20. Qc2 Nxd3 21. Qxd3 Bxc4 22. Qd2 Bb3 23. Be4 Qd7 24. Rab1 Qa4 25. Bxh7+ Kh8 26. Bd3 Rc3 27. Qe2 Kg8 28. Bd2 Rxd3 29. Qxd3 Bc2 30. Qb5 Qxa3 31. Ra1 Qf3 32. Qe2 Qf5 33. Qc4 Qg6 34. Qxd4 Rd8 35. Qf4 Qd3 36. Ra7 Rd7 37. Rxd7 Qxd7 38. Bb4 Bxb4 39. Qxb4 Bg6 40. Qd6 Qb7 41. Qd8+ Kh7 42. Qd4 Qf3 43. Qf4 Qc3 44. Rc1 Qd3 45. Kh2 Qe2 46. Qe3 Qg4 47. Rc7 Kg8 48. Rc8+ Kh7 49. Rf8 Qb4 50. Rd8 Qb1 51. Rd4 Qc2 52. g4 Qc7 53. h5 Bc2 54. Qf4 Bb3 55. g5 Bd5 56. Rd3 Kg8 57. h6 Qc2 58. h7+ Kxh7 59. Rh3+ Kg8 60. Qh4 Kf8 61. Qb4+ Ke8 62. Rh8+ Kd7 63. Qd6# 1-0

[Event "Quebec-ch sf"]
[Site "Montreal CAN"]
[Date "2004.06.20"]
[Round "4"]
[White "Liard, Serge"]
[Black "Beaupre, Jean-Marie"]
[Result "1-0"]
[WhiteElo "1971"]
[BlackElo "1741"]
[PlyCount "71"]
[GameId "2160767911145567"]
[EventDate "2004.06.??"]
[EventType "swiss"]
[EventRounds "5"]
[EventCountry "CAN"]
[SourceTitle "EXT 2006"]
[Source "ChessBase"]
[SourceDate "2005.11.24"]
[SourceVersion "1"]
[SourceVersionDate "2005.11.24"]
[SourceQuality "1"]

1. e4 e6 2. d4 d5 3. Nc3 Bb4 4. e5 Ne7 5. a3 Bxc3+ 6. bxc3 c5 7. Bd3 c4 8. Be2 Qa5 9. Bd2 Bd7 10. f4 O-O 11. Nf3 Nbc6 12. O-O Qd8 13. Qe1 Qe8 14. Qh4 Ng6 15. Qg3 Nce7 16. h4 Nf5 17. Qh3 Qd8 18. h5 Nge7 19. g4 Nh6 20. Nh2 Ba4 21. Rac1 Qa5 22. f5 exf5 23. Bxh6 gxh6 24. gxf5 Kh8 25. f6 Rg8+ 26. Kh1 Nc6 27. Ng4 Nxd4 28. cxd4 Qd2 29. Qe3 Qxe3 30. Nxe3 Rg3 31. Nf5 Rh3+ 32. Kg2 Rxa3 33. Nxh6 Rf8 34. Rg1 Bd7 35. Kf2 Rh3 36. Rg8+ 1-0

[Event "Quebec-ch sf"]
[Site "Montreal CAN"]
[Date "2004.06.20"]
[Round "4"]
[White "Masse, Hugues"]
[Black "Anastasovski, Nikola"]
[Result "0-1"]
[WhiteElo "2249"]
[BlackElo "2091"]
[PlyCount "99"]
[GameId "2160767911145568"]
[EventDate "2004.06.??"]
[EventType "swiss"]
[EventRounds "5"]
[EventCountry "CAN"]
[SourceTitle "EXT 2006"]
[Source "ChessBase"]
[SourceDate "2005.11.24"]
[SourceVersion "1"]
[SourceVersionDate "2005.11.24"]
[SourceQuality "1"]

1. d4 f5 2. g3 e6 3. Bg2 Nf6 4. Nf3 Nc6 5. O-O d5 6. b3 Be7 7. c4 Ne4 8. Bb2 O-O 9. e3 b6 10. Nbd2 Bb7 11. a3 a5 12. Rc1 Rf7 13. Ne1 Qf8 14. a4 Bb4 15. Ndf3 Rd8 16. Nd3 Bd6 17. Qe2 h6 18. Rfd1 g5 19. cxd5 exd5 20. Nde5 Nxe5 21. dxe5 Bc5 22. Nd4 Bxd4 23. Bxd4 g4 24. Bxe4 dxe4 25. Ba1 Bd5 26. e6 Bxe6 27. Qb2 Kh7 28. Kg2 Bd5 29. Rd4 c6 30. b4 Ra8 31. b5 Qe8 32. bxc6 Bxc6 33. Qxb6 Bxa4 34. Rd6 Qf8 35. Rc7 Bb3 36. Rxf7+ Bxf7 37. Rd7 Qg8 38. Qf6 Rf8 39. Bd4 Qg6 40. Qe7 Kg8 41. Rd6 Qg5 42. Rf6 Qh5 43. Rb6 Rc8 44. Rb1 Qg5 45. Qe5 Kh7 46. Qxa5 f4 47. Qxg5 f3+ 48. Kg1 hxg5 49. Rd1 Bb3 50. Rb1 0-1

[Event "Quebec-ch sf"]
[Site "Montreal CAN"]
[Date "2004.06.20"]
[Round "4"]
[White "Ramaswamy, Kishor"]
[Black "Godbout, Mathieu"]
[Result "1-0"]
[WhiteElo "2121"]
[BlackElo "1808"]
[PlyCount "63"]
[GameId "2160767911145569"]
[EventDate "2004.06.??"]
[EventType "swiss"]
[EventRounds "5"]
[EventCountry "CAN"]
[SourceTitle "EXT 2006"]
[Source "ChessBase"]
[SourceDate "2005.11.24"]
[SourceVersion "1"]
[SourceVersionDate "2005.11.24"]
[SourceQuality "1"]

1. d4 d5 2. Nf3 Nf6 3. Bg5 Ne4 4. Bh4 Bf5 5. Nbd2 Nc6 6. c3 f6 7. e3 a6 8. Qb3 Rb8 9. O-O-O Qd7 10. Nxe4 Bxe4 11. Bd3 Bxd3 12. Rxd3 e6 13. Re1 Bd6 14. e4 O-O 15. Bg3 Na5 16. Qc2 dxe4 17. Rxe4 b5 18. b3 Nb7 19. Rde3 Rfc8 20. Qe2 Kf7 21. Bxd6 cxd6 22. g4 g6 23. Rf4 Kg7 24. h4 d5 25. g5 f5 26. Ne5 Qd6 27. h5 Na5 28. hxg6 hxg6 29. Rh4 Nc6 30. Nxc6 Qxc6 31. Reh3 Rh8 32. Qe5+ 1-0

[Event "Quebec-ch sf"]
[Site "Montreal CAN"]
[Date "2004.06.20"]
[Round "4"]
[White "Robidas, Francois"]
[Black "Poirier, Erik"]
[Result "0-1"]
[WhiteElo "1941"]
[BlackElo "2029"]
[PlyCount "124"]
[GameId "2160767911145570"]
[EventDate "2004.06.??"]
[EventType "swiss"]
[EventRounds "5"]
[EventCountry "CAN"]
[SourceTitle "EXT 2006"]
[Source "ChessBase"]
[SourceDate "2005.11.24"]
[SourceVersion "1"]
[SourceVersionDate "2005.11.24"]
[SourceQuality "1"]

1. e4 c5 2. c3 d5 3. exd5 Qxd5 4. d4 Nf6 5. Nf3 Bg4 6. dxc5 Qxd1+ 7. Kxd1 e5 8. b4 e4 9. h3 Bh5 10. g4 Nxg4 11. hxg4 Bxg4 12. Be2 exf3 13. Bd3 Be7 14. Kc2 Nc6 15. a3 O-O-O 16. Be3 Ne5 17. Bf1 Bf5+ 18. Kb2 g5 19. Nd2 g4 20. Rh5 Nd3+ 21. Bxd3 Bxd3 22. Nb3 Bg6 23. Rhh1 h5 24. Nd4 Bf6 25. Nb5 a6 26. Nd6+ Rxd6 27. cxd6 Be5 28. Rad1 Rd8 29. Bc5 Kd7 30. Rd5 Ke6 31. Rdd1 Rd7 32. Kb3 f5 33. c4 Bf7 34. a4 f4 35. b5 g3 36. Rhe1 Kf5 37. Rd3 h4 38. fxg3 fxg3 39. Rxf3+ Kg4 40. Rxf7 Rxf7 41. Rxe5 h3 42. Re7 Rf3+ 43. Kb4 h2 44. Re4+ Kh3 45. Re1 g2 46. d7 h1=Q 47. Bg1 Rd3 48. Re3+ Rxe3 49. d8=Q Qxg1 50. Qh8+ Kg3 51. Qg7+ Kf2 52. Qf6+ Ke2 53. Qb2+ Kf1 54. Qb1+ Kf2 55. Qc2+ Kg3 56. Qg6+ Kh2 57. Qd6+ Rg3 58. Qh6+ Rh3 59. Qf4+ Kh1 60. Qf5 Qh2 61. Qd5 Qg3 62. Ka5 Qf3 0-1

[Event "Quebec-ch sf"]
[Site "Montreal CAN"]
[Date "2004.06.20"]
[Round "4"]
[White "Tessier, Olivier"]
[Black "Charbonneau, Anne-Marie"]
[Result "1-0"]
[WhiteElo "2173"]
[BlackElo "2086"]
[PlyCount "85"]
[GameId "2160767911145571"]
[EventDate "2004.06.??"]
[EventType "swiss"]
[EventRounds "5"]
[EventCountry "CAN"]
[SourceTitle "EXT 2006"]
[Source "ChessBase"]
[SourceDate "2005.11.24"]
[SourceVersion "1"]
[SourceVersionDate "2005.11.24"]
[SourceQuality "1"]

1. e4 c5 2. Nf3 e6 3. d4 cxd4 4. Nxd4 Nf6 5. Nc3 d6 6. g4 h6 7. Rg1 Be7 8. Be3 Nc6 9. Be2 a6 10. Qd2 Qc7 11. O-O-O b6 12. h4 Bb7 13. g5 hxg5 14. hxg5 Nxd4 15. Qxd4 e5 16. Qd3 Nd7 17. Nd5 Bxd5 18. Qxd5 Rc8 19. c3 Nc5 20. Rh1 Rxh1 21. Rxh1 Qc6 22. Rh8+ Bf8 23. Qxc6+ Rxc6 24. Bc4 b5 25. Bd5 Rc7 26. Kd2 Ke7 27. f4 exf4 28. Bxf4 Rd7 29. g6 f6 30. Bc6 Rd8 31. Rh2 Ne6 32. Be3 Nc5 33. Ke2 Ne6 34. Rh5 Rb8 35. Bd5 Rd8 36. Bb7 Nc7 37. Rh8 Rb8 38. Bc6 Ne6 39. Kf3 Nc5 40. Bh6 Rb6 41. Bxg7 Ne6 42. Bxf8+ Nxf8 43. g7 1-0

[Event "Quebec-ch sf"]
[Site "Montreal CAN"]
[Date "2004.06.20"]
[Round "4"]
[White "Tremblay, Rejean"]
[Black "Ibrahim, Anthony"]
[Result "1-0"]
[WhiteElo "2168"]
[BlackElo "2272"]
[PlyCount "65"]
[GameId "2160767911145572"]
[EventDate "2004.06.??"]
[EventType "swiss"]
[EventRounds "5"]
[EventCountry "CAN"]
[SourceTitle "EXT 2006"]
[Source "ChessBase"]
[SourceDate "2005.11.24"]
[SourceVersion "1"]
[SourceVersionDate "2005.11.24"]
[SourceQuality "1"]

1. d4 Nf6 2. c4 e6 3. Nc3 Bb4 4. Qc2 c5 5. dxc5 Na6 6. a3 Bxc3+ 7. Qxc3 Nxc5 8. b4 Nce4 9. Qd4 d5 10. cxd5 Qxd5 11. Bb2 O-O 12. f3 Qxd4 13. Bxd4 Rd8 14. Bb2 Nd6 15. e4 Nde8 16. Ne2 b6 17. Nd4 Bb7 18. Rc1 Rac8 19. Rxc8 Rxc8 20. Bd3 Rd8 21. Ke2 Nh5 22. g3 e5 23. Nc2 f6 24. Ne3 g6 25. Rc1 Nhg7 26. Bc4+ Kf8 27. a4 Nd6 28. Bd5 Nge8 29. Bb3 f5 30. exf5 Nxf5 31. Bxe5 Bxf3+ 32. Kxf3 Rd3 33. Rc3 1-0

[Event "Quebec-ch sf"]
[Site "Montreal CAN"]
[Date "2004.06.20"]
[Round "5"]
[White "Benoit-Deschamps, Jean-Marc"]
[Black "Robidas, Francois"]
[Result "1-0"]
[WhiteElo "1859"]
[BlackElo "1941"]
[PlyCount "134"]
[GameId "2160767911145574"]
[EventDate "2004.06.??"]
[EventType "swiss"]
[EventRounds "5"]
[EventCountry "CAN"]
[SourceTitle "EXT 2006"]
[Source "ChessBase"]
[SourceDate "2005.11.24"]
[SourceVersion "1"]
[SourceVersionDate "2005.11.24"]
[SourceQuality "1"]

1. d4 d5 2. c4 e6 3. Nc3 c5 4. e3 Nc6 5. Nf3 Nf6 6. a3 Be7 7. dxc5 Bxc5 8. cxd5 exd5 9. b4 Bd6 10. Bb2 O-O 11. Be2 Bg4 12. O-O Rc8 13. Qb3 Re8 14. Rfd1 Be6 15. Qa4 a5 16. Nb5 Bb8 17. Nbd4 axb4 18. axb4 Ne4 19. Rac1 Ne7 20. Bb5 Rf8 21. Nxe6 fxe6 22. Bd7 Rxc1 23. Bxe6+ Kh8 24. Rxc1 Nc6 25. b5 Ne7 26. Qa1 Nf6 27. Be5 Qb6 28. Bxb8 Qxe6 29. Qe5 Qd7 30. Qd6 Qxb5 31. Qxe7 Rxb8 32. Nd4 Qb2 33. Qc7 Re8 34. Qc2 Qa3 35. Qc5 Qb2 36. Qc2 Qa3 37. Rb1 Ng4 38. h3 Nf6 39. Rxb7 Rg8 40. Qc7 Qa1+ 41. Kh2 Qe1 42. Qf4 Qd2 43. Rb8 Qd3 44. Rxg8+ Kxg8 45. Qf5 Qc4 46. Qe6+ Kf8 47. Nf5 Qc5 48. Qd6+ Qxd6+ 49. Nxd6 g6 50. Nb5 Ke7 51. f3 Ke6 52. Kg3 Ke5 53. Kf2 h6 54. Ke2 Nd7 55. f4+ Kf5 56. Kd3 Ke6 57. Kd4 Nf6 58. g4 Kd7 59. Ke5 Ke7 60. Nc3 Kf7 61. Nxd5 Nd7+ 62. Kd6 Nf8 63. f5 Nh7 64. h4 h5 65. fxg6+ Kxg6 66. Nf4+ Kh6 67. Nxh5 Nf8 1-0

[Event "Quebec-ch sf"]
[Site "Montreal CAN"]
[Date "2004.06.20"]
[Round "5"]
[White "Godbout, Mathieu"]
[Black "Berube, Antoine"]
[Result "1-0"]
[WhiteElo "1808"]
[BlackElo "2011"]
[PlyCount "49"]
[GameId "2160767911145575"]
[EventDate "2004.06.??"]
[EventType "swiss"]
[EventRounds "5"]
[EventCountry "CAN"]
[SourceTitle "EXT 2006"]
[Source "ChessBase"]
[SourceDate "2005.11.24"]
[SourceVersion "1"]
[SourceVersionDate "2005.11.24"]
[SourceQuality "1"]

1. c4 e5 2. Nc3 Nf6 3. Nf3 Nc6 4. g3 Bb4 5. Bg2 O-O 6. O-O Re8 7. Nd5 Nxd5 8. cxd5 Nd4 9. Nxd4 exd4 10. e3 dxe3 11. fxe3 d6 12. a3 Bc5 13. b4 Bb6 14. Bb2 Bd7 15. Qf3 Qe7 16. Rac1 a5 17. Rc4 axb4 18. axb4 Ra2 19. Bc3 f5 20. Bh3 Bb5 21. Rf4 Bxf1 22. Bxf5 Bb5 23. Be6+ Kh8 24. Rf7 Qxf7 25. Qxf7 1-0

[Event "Quebec-ch sf"]
[Site "Montreal CAN"]
[Date "2004.06.20"]
[Round "5"]
[White "Ibrahim, Anthony"]
[Black "Audet-Bouchard, Nicolas"]
[Result "0-1"]
[WhiteElo "2272"]
[BlackElo "2084"]
[PlyCount "88"]
[GameId "2160767911145576"]
[EventDate "2004.06.??"]
[EventType "swiss"]
[EventRounds "5"]
[EventCountry "CAN"]
[SourceTitle "EXT 2006"]
[Source "ChessBase"]
[SourceDate "2005.11.24"]
[SourceVersion "1"]
[SourceVersionDate "2005.11.24"]
[SourceQuality "1"]

1. e4 e6 2. d4 d5 3. Nc3 dxe4 4. Nxe4 Bd7 5. Nf3 Bc6 6. Bd3 Nd7 7. Qe2 Ngf6 8. Bg5 Be7 9. Bxf6 Nxf6 10. O-O-O Bxe4 11. Bxe4 Nxe4 12. Qxe4 c6 13. Kb1 O-O 14. c4 Bf6 15. h4 Qa5 16. g4 Rad8 17. g5 Be7 18. Ne5 Bd6 19. f4 Bxe5 20. fxe5 Qb4 21. h5 Qxc4 22. g6 fxg6 23. hxg6 h6 24. Qe3 Rd7 25. b3 Qd5 26. Rh4 Qf3 27. Qg1 Rf5 28. Qe1 Rg5 29. Rh2 Qf5+ 30. Kb2 Qxg6 31. Qf1 Rf7 32. Qe2 Qf5 33. Kc3 Qf3+ 34. Qxf3 Rxf3+ 35. Kb4 Rf7 36. Kc5 Rd7 37. Rh4 Rxe5+ 38. Kc4 Re2 39. a4 e5 40. a5 Rxd4+ 41. Rhxd4 exd4 42. Rxd4 Rc2+ 43. Kd3 Rc5 44. b4 Rd5 0-1

[Event "Quebec-ch sf"]
[Site "Montreal CAN"]
[Date "2004.06.20"]
[Round "5"]
[White "Laptos, Krzysztof"]
[Black "Ramaswamy, Kishor"]
[Result "1-0"]
[WhiteElo "2276"]
[BlackElo "2121"]
[PlyCount "69"]
[GameId "2160767911145577"]
[EventDate "2004.06.??"]
[EventType "swiss"]
[EventRounds "5"]
[EventCountry "CAN"]
[SourceTitle "EXT 2006"]
[Source "ChessBase"]
[SourceDate "2005.11.24"]
[SourceVersion "1"]
[SourceVersionDate "2005.11.24"]
[SourceQuality "1"]

1. d4 d5 2. c4 e6 3. Nc3 Nf6 4. Bg5 Nbd7 5. cxd5 exd5 6. e3 c6 7. Bd3 Be7 8. Qc2 Nh5 9. Bxe7 Qxe7 10. Nge2 g6 11. g4 Ng7 12. Nf4 Nb6 13. h3 f5 14. O-O-O Rf8 15. Rdg1 Bd7 16. Kb1 Qd6 17. g5 Ne6 18. Nce2 O-O-O 19. h4 Kb8 20. h5 Nxf4 21. Nxf4 Nc8 22. hxg6 hxg6 23. Rh6 Ne7 24. Rgh1 Be8 25. Be2 Bf7 26. Nd3 Rc8 27. f4 b6 28. Rf1 Be8 29. Ne5 Rc7 30. Qa4 Rg8 31. Rh7 Bd7 32. Rf7 b5 33. Qa5 Rcc8 34. Qa3 b4 35. Nxd7+ 1-0

[Event "Quebec-ch sf"]
[Site "Montreal CAN"]
[Date "2004.06.20"]
[Round "5"]
[White "Poirier, Erik"]
[Black "Masse, Hugues"]
[Result "0-1"]
[WhiteElo "2029"]
[BlackElo "2249"]
[PlyCount "42"]
[GameId "2160767911145579"]
[EventDate "2004.06.??"]
[EventType "swiss"]
[EventRounds "5"]
[EventCountry "CAN"]
[SourceTitle "EXT 2006"]
[Source "ChessBase"]
[SourceDate "2005.11.24"]
[SourceVersion "1"]
[SourceVersionDate "2005.11.24"]
[SourceQuality "1"]

1. d4 Nf6 2. c4 g6 3. Nc3 d5 4. cxd5 Nxd5 5. e4 Nxc3 6. bxc3 Bg7 7. Nf3 c5 8. Rb1 O-O 9. Be3 Nc6 10. Qd2 cxd4 11. cxd4 Qa5 12. Qxa5 Nxa5 13. Be2 b6 14. O-O Bb7 15. Bd3 e6 16. Rbc1 Rac8 17. Rfd1 Bf6 18. Bg5 Bxg5 19. Nxg5 Rxc1 20. Rxc1 Rd8 21. Be2 h6 0-1

[Event "Quebec-ch sf"]
[Site "Montreal CAN"]
[Date "2004.06.20"]
[Round "5"]
[White "Rousseau, Daniel"]
[Black "Charbonneau, Anne-Marie"]
[Result "1/2-1/2"]
[WhiteElo "2208"]
[BlackElo "2086"]
[PlyCount "107"]
[GameId "2160767911145580"]
[EventDate "2004.06.??"]
[EventType "swiss"]
[EventRounds "5"]
[EventCountry "CAN"]
[SourceTitle "EXT 2006"]
[Source "ChessBase"]
[SourceDate "2005.11.24"]
[SourceVersion "1"]
[SourceVersionDate "2005.11.24"]
[SourceQuality "1"]

1. e4 c5 2. Nf3 e6 3. d4 cxd4 4. Nxd4 Nf6 5. Nc3 d6 6. g4 h6 7. g5 hxg5 8. Bxg5 a6 9. Bg2 Be7 10. Qd2 Qc7 11. f4 Nc6 12. Nxc6 bxc6 13. O-O-O Rb8 14. e5 Nd5 15. Bxe7 Kxe7 16. f5 dxe5 17. Qg5+ Kf8 18. fxe6 Bxe6 19. Nxd5 cxd5 20. Bxd5 f6 21. Qg2 Bxd5 22. Qxd5 Ke7 23. Qg2 g5 24. h4 Qb6 25. b3 Qe3+ 26. Kb1 Rhd8 27. Rde1 Rd2 28. Qc6 Qb6 29. Qc3 Qb4 30. Qxb4+ Rxb4 31. hxg5 fxg5 32. Rxe5+ Kf6 33. Ra5 Rb5 34. Rh6+ Kf5 35. Rhxa6 Rxa5 36. Rxa5+ Kf4 37. Ra8 g4 38. Rf8+ Ke3 39. Rg8 Kf3 40. a4 g3 41. Kb2 g2 42. a5 Rd1 43. Rxg2 Kxg2 44. b4 Kf3 45. a6 Ke4 46. c4 Rd8 47. Kb3 Kd4 48. Ka4 Kxc4 49. Ka5 Rb8 50. a7 Rb5+ 51. Ka6 Rxb4 52. a8=Q Ra4+ 53. Kb7 Rxa8 54. Kxa8 1/2-1/2

[Event "Quebec-ch sf"]
[Site "Montreal CAN"]
[Date "2004.06.20"]
[Round "5"]
[White "Trahan, Daniel"]
[Black "Brousseau, Yvan"]
[Result "0-1"]
[WhiteElo "1994"]
[BlackElo "2070"]
[PlyCount "116"]
[GameId "2160767911145581"]
[EventDate "2004.06.??"]
[EventType "swiss"]
[EventRounds "5"]
[EventCountry "CAN"]
[SourceTitle "EXT 2006"]
[Source "ChessBase"]
[SourceDate "2005.11.24"]
[SourceVersion "1"]
[SourceVersionDate "2005.11.24"]
[SourceQuality "1"]

1. d4 Nf6 2. c4 e6 3. Nc3 Bb4 4. Qc2 b6 5. a3 Bxc3+ 6. Qxc3 Bb7 7. f3 d6 8. Bg5 Nbd7 9. Nh3 h6 10. Bh4 e5 11. dxe5 Nxe5 12. Bf2 Qe7 13. e4 g5 14. Be2 O-O-O 15. O-O-O Rhe8 16. Rhe1 Kb8 17. Bd4 Nfd7 18. Nf2 f6 19. Bf1 h5 20. Qc2 Nf8 21. Re3 Ne6 22. Bc3 g4 23. Bxe5 fxe5 24. fxg4 hxg4 25. Nxg4 Qg5 26. h3 Nd4 27. Qd3 Bc8 28. Nf2 Rf8 29. Nh1 Be6 30. b3 a5 31. a4 Rf6 32. Kb2 Rdf8 33. Rg3 Qh4 34. Be2 Nxe2 35. Qxe2 Rf2 36. Nxf2 Qxg3 37. Nh1 Qh2 38. Re1 Rg8 39. g4 Qxh3 40. Rg1 Bxg4 41. Nf2 Qh2 42. Rxg4 Rxg4 43. Qxg4 Qxf2+ 44. Kc3 Qd4+ 45. Kc2 Kb7 46. Qf3 Kc6 47. Qf5 Kc5 48. Qh7 c6 49. Qh1 Qf2+ 50. Kb1 Qe3 51. Ka2 Kd4 52. Qd1+ Qd3 53. Qg1+ Kc3 54. Qa1+ Kd2 55. Qh1 Qc2+ 56. Ka3 Qc1+ 57. Qxc1+ Kxc1 58. b4 Kc2 0-1

[Event "RA Active ch"]
[Site "Ottawa CAN"]
[Date "2004.12.09"]
[Round "1"]
[White "Holmes, Mike"]
[Black "Pacey, Kevin"]
[Result "0-1"]
[WhiteElo "1676"]
[BlackElo "2213"]
[PlyCount "68"]
[GameId "2160767911031882"]
[EventDate "2004.12.09"]
[EventType "swiss"]
[EventRounds "6"]
[EventCountry "CAN"]

1. e4 c6 2. d4 d5 3. exd5 cxd5 4. c4 Nf6 5. Nf3 g6 6. Nc3 Bg7 7. c5 O-O 8. Be2 b6 9. cxb6 axb6 10. O-O Ne4 11. Nb5 Nd6 12. Bf4 Nxb5 13. Bxb5 Bg4 14. Be2 Bxf3 15. Bxf3 Nc6 16. Be3 e6 17. Rc1 Qd6 18. a3 Na5 19. Bd2 Rfc8 20. Qa4 Nc6 21. Qc2 Bxd4 22. Be3 Bxe3 23. fxe3 Ne7 24. Qf2 Rxc1 25. Rxc1 Qe5 26. Qd2 Rc8 27. Rxc8+ Nxc8 28. h3 Nd6 29. Kf2 Nc4 30. Qc3 Qxc3 31. bxc3 f5 32. a4 Nb2 33. g4 Nxa4 34. gxf5 gxf5 0-1